000 00494nam a2200193Ia 4500
003 STCL
008 221019s9999 xx 000 0 und d
020 _a9788173713552
040 _aSTCL
_cSTCL
_bEN
082 _222
100 _aKarandikar, R.L; Musili C; Pattanayak, S; Singh D; Dey A.
100 _aSinha, K.B
245 0 _aUnderstanding mathematics
260 _bUniversities Press
_aHyderabad
_c2007
300 _a226 p
365 _b295
546 _aEnglish
942 _cBK
_2DDC
_e22
999 _c87446
_d87446